| 000 | 01841nam a22003017a 4500 | ||
|---|---|---|---|
| 005 | 20100814122117.0 | ||
| 010 | _aENG-100253 B-426368-372 | ||
| 020 |
_a9788176211888 _c295.00 |
||
| 035 | _aEN-83785 B-426368-372 | ||
| 037 | _bDBAD/PUB | ||
| 037 | _bRBC/Ven | ||
| 082 | _a230.42 | ||
| 100 |
_aOsho _929556 |
||
| 245 |
_aBehind a thousand names : _btalks on the nirvan upanishad / _cby Osho |
||
| 260 |
_aNew Delhi _bFull Circle Publishing _c2010 |
||
| 270 |
_aJ-40, Jorbagh Lane _bNew Delhi _e110003 |
||
| 300 |
_a417p. _c20cm (pbk) |
||
| 650 |
_aMeditation - Hinduism _929557 |
||
| 650 |
_aPrayers _929558 |
||
| 942 |
_2ddc _cEN _h230.42 _mOSH |
||
| 999 |
_c41865 _d41865 |
||